Welcome to the Holygrace Academy Library

Please use search bar below to get started

POCKET DICTIONARY (Record no. 1708)

MARC details
000 -LEADER
fixed length control field 00361nam a22001457a 4500
082 ## - DEWEY DECIMAL CLASSIFICATION NUMBER
Classification number 030
Item number SAJ/P
100 ## - MAIN ENTRY--AUTHOR NAME
Personal name SAJITH, B R
100 ## - MAIN ENTRY--AUTHOR NAME
Personal name ASHRAF, S
245 ## - TITLE STATEMENT
Title POCKET DICTIONARY
Remainder of title ENGLISH-MALAYALAM
250 ## - EDITION STATEMENT
Edition statement FIRST EDITION
260 ## - PUBLICATION, DISTRIBUTION, ETC. (IMPRINT)
Place of publication TRIVANDRUM
Name of publisher EDUCATIONAL PUBLISHERS & DISTRIBUTORS
Year of publication 1996
300 ## - PHYSICAL DESCRIPTION
Number of Pages 59
650 ## - SUBJECT ADDED ENTRY--TOPICAL TERM
Topical Term DICTIONARY
Geographic subdivision INDIA
942 ## - ADDED ENTRY ELEMENTS (KOHA)
Koha item type Books
Holdings
Withdrawn status Lost status Collection code Home library Current library Shelving location Date acquired Source of acquisition Cost, normal purchase price Full call number Accession Number Koha item type
    Reference Main Library Main Library SHELF 1-A DICTIONARIES 01/12/2004 purchase 10.00 030 SAJ/P 00920 Books